İstatistiklerle Türkiye (Record no. 2445)

MARC details
000 -BAŞLIK
Sabit Uzunlukta Kontrol Alanı 00910na a2200265 4500
001 - KONTROL NUMARASI
Denetim Alanı 15566
003 - KONTROL NUMARASI IDENTIFIER
Denetim Alanı MIRAKIL
005 - SON İŞLEM TARİHİ VE ZAMANI
Denetim Alanı 20181213154858.0
008 - SABİT-BOY VERİ ELEMANLARI - GENEL BİLGİLER
Sabit Uzunlukta Kontrol Alanı 161008b tu 000 0
020 ## - ULUSLARARASI STANDART KİTAP NUMARASI
Uluslararası Standart Kitap Numarası 9789751941602
040 ## - KATALOGLAMA KAYNAK
Orijinal Kataloglama Ajansı Milas
Kataloglama Dili tur
Metne Dönüştürmek Ajansı TR-AnCHP
041 ## - DİL KODU
Metin / Ses Parça Veya Ayrı Başlığın Dil Kodu tur
-- eng
082 ## - DEWEY ONLU SINIFLANDIRMA NUMARASI
Sınıflandırma Numarası 315.61
Ürün Numarası T95i 2007
090 ## - SINIFLAMA NUMARASI
Sınıflama Numarası 315.61 T95i 2007
110 ## - ANA GİRİŞ - KURUMSAL ADI
Giriş Elemanı Olarak Kurumsal Ad Veya Yargı Alanı Adı Türkiye İstatistik Kurumu (TÜİK)
245 ## - BAŞLIK TABLOSU
Başlık İstatistiklerle Türkiye
Başlığın Kalan 2007 = Turkey in statistics
Sorumluluk Tablosu, Vb Türkiye İstatistik Kurumu (TÜİK)
246 ## - UNVAN FORM VARYING
Başlık Doğru / Kısa Başlığı Turkey in statistics 2007
260 ## - YAYIN, DAĞITIM, VB
Yayın, Dağıtım, Vb Yeri Ankara
Yayıncı, Dağıtıcı, Vs Adı Türkiye İstatistik Kurumu (TÜİK)
Yayın, Dağıtım, Vb Tarihi 2007
300 ## - FİZİKSEL TANIM
Kapsam 69 s.
Diğer Fiziksel Ayrıntıları tbl. , grf. , res.
Boyutlar 15 sm.
490 ## - SERİSİ TABLOSU
Seri Beyanı Türkiye İstatistik Kurumu
Hacim / Ardışık Tanımı 3109
546 ## - DİL NOTU
Dil Notu Metinler Türkçe-İngilizce karşılıklıdır.
650 ## - KONU KATMA GİRİŞ - TOPİKAL DÖNEM
Topikal Süreli Veya Coğrafi Ad Giriş Elemanı İstatistikler
Coğrafi Alt Bölümü Türkiye
651 ## - KONU KATMA GİRİŞ - COĞRAFİ ADI
Coğrafi İsim Türkiye
Genel Alt Bölümü Sosyo ekonomik göstergeler
Kronolojik Alt Bölümü 2007
Coğrafi Alt Bölümü İstatistikler
942 ## - EKLENDİ GİRİŞ ELEMANLARI (KOHA)
Sınıflandırma Veya Raf Düzeni Kaynak Dewey Decimal Classification
Koha Öğesi Türü Books
999 ## - SİSTEM KONTROL NUMARALARI (KOHA)
Koha Biblionumber 2445
Koha Biblioitemnumber 2445
Holdings
Kalıcı Konum Mevcut Konum Edinme Tarihi Edinim Kaynak Toplam Check-Out'Lar Tam Çağrı Numarası Barkod Tarih Son Görülme İtibaren Geçerli Fiyatlar Koha Öğesi Türü
CHP Kütüphanesi CHP Kütüphanesi 09/17/2016 Bağış   315.61 T95i 2007 003914 09/17/2016 09/17/2016 Books